000 00983nas a2200277 4500
001 BR2011007048
003 BR-BrBNA
005 20231205115911.0
007 ta
008 230509b bl.|||p| |||| 00| 00por d
040 _aBR-BrBNA
_bpor
_cBiblioteca Nacional de Agricultura
041 _a(Pt)
072 _aQ70
100 1 _aOrrico Junio, M.A.P.
100 1 _aOrrico, A.C.A.
100 1 _aLucas Junior, J. de
245 1 _aBiodigestão anaeróbia de dejetos de suínos com e sem separação da fração sólida em diferentes tempos de retenção hidráulica
650 _aRESÍDUO SÓLIDO
650 _aCOLIFORMES
650 _aBIOFERTILIZANTE
650 _aBIOGÁS
773 0 _tEngenharia Agrícola (Brazil)
_xISSN 1808-4389
_g(Jul-Sep 2009), v. 29(3) p. 474-482
_wBR2011007048
856 4 0 _uhttp://www.scielo.br/scielo.php?script=sci_abstract pid=S0100-69162009000300014 lng=pt nrm=iso tlng=pt
909 _a202311
_bLúcia
_c55
_dLúcia Elande
942 _2AGRIS
_n0
_cANA
999 _c216224
_d216224